<?xml version="1.0" encoding="UTF-8"?>
<collection xmlns="http://www.loc.gov/MARC21/slim">
 <record>
  <leader>04388cam a2200817   4500</leader>
  <controlfield tag="001">864309694</controlfield>
  <controlfield tag="003">DE-627</controlfield>
  <controlfield tag="005">20220114151734.0</controlfield>
  <controlfield tag="007">tu</controlfield>
  <controlfield tag="008">160720s2016    sp ||||| cc   00| ||eng c</controlfield>
  <datafield tag="020" ind1=" " ind2=" ">
   <subfield code="a">9788416248551</subfield>
   <subfield code="9">978-84-16248-55-1</subfield>
  </datafield>
  <datafield tag="020" ind1=" " ind2=" ">
   <subfield code="a">8416248559</subfield>
   <subfield code="9">84-16248-55-9</subfield>
  </datafield>
  <datafield tag="024" ind1="3" ind2=" ">
   <subfield code="a">9788416248551</subfield>
  </datafield>
  <datafield tag="035" ind1=" " ind2=" ">
   <subfield code="a">(DE-627)864309694</subfield>
  </datafield>
  <datafield tag="035" ind1=" " ind2=" ">
   <subfield code="a">(DE-576)475018753</subfield>
  </datafield>
  <datafield tag="035" ind1=" " ind2=" ">
   <subfield code="a">(DE-599)BSZ475018753</subfield>
  </datafield>
  <datafield tag="035" ind1=" " ind2=" ">
   <subfield code="a">(OCoLC)952393385</subfield>
  </datafield>
  <datafield tag="035" ind1=" " ind2=" ">
   <subfield code="a">(OCoLC)955173150</subfield>
  </datafield>
  <datafield tag="035" ind1=" " ind2=" ">
   <subfield code="a">(ZDB-21-EIL)3135684</subfield>
  </datafield>
  <datafield tag="040" ind1=" " ind2=" ">
   <subfield code="a">DE-627</subfield>
   <subfield code="b">ger</subfield>
   <subfield code="c">DE-627</subfield>
   <subfield code="e">rda</subfield>
  </datafield>
  <datafield tag="041" ind1=" " ind2=" ">
   <subfield code="a">eng</subfield>
   <subfield code="a">spa</subfield>
  </datafield>
  <datafield tag="044" ind1=" " ind2=" ">
   <subfield code="c">XA-ES</subfield>
  </datafield>
  <datafield tag="050" ind1=" " ind2="0">
   <subfield code="a">TR</subfield>
  </datafield>
  <datafield tag="050" ind1=" " ind2="0">
   <subfield code="a">NA2790</subfield>
  </datafield>
  <datafield tag="082" ind1="0" ind2=" ">
   <subfield code="a">779</subfield>
  </datafield>
  <datafield tag="082" ind1="0" ind2=" ">
   <subfield code="a">720</subfield>
   <subfield code="2">14</subfield>
  </datafield>
  <datafield tag="084" ind1=" " ind2=" ">
   <subfield code="a">9,11</subfield>
   <subfield code="2">ssgn</subfield>
  </datafield>
  <datafield tag="084" ind1=" " ind2=" ">
   <subfield code="a">AP 99037</subfield>
   <subfield code="2">rvk</subfield>
   <subfield code="0">(DE-625)rvk/8250:696</subfield>
  </datafield>
  <datafield tag="084" ind1=" " ind2=" ">
   <subfield code="a">ZH 3780</subfield>
   <subfield code="2">rvk</subfield>
   <subfield code="0">(DE-625)rvk/156124:</subfield>
  </datafield>
  <datafield tag="084" ind1=" " ind2=" ">
   <subfield code="a">LH 67325</subfield>
   <subfield code="2">rvk</subfield>
   <subfield code="0">(DE-625)rvk/94601:</subfield>
  </datafield>
  <datafield tag="084" ind1=" " ind2=" ">
   <subfield code="a">21.49</subfield>
   <subfield code="2">bkl</subfield>
  </datafield>
  <datafield tag="084" ind1=" " ind2=" ">
   <subfield code="a">56.61</subfield>
   <subfield code="2">bkl</subfield>
  </datafield>
  <datafield tag="245" ind1="1" ind2="0">
   <subfield code="a">Cámara y modelo</subfield>
   <subfield code="b">fotografía de maquetas de arquitectura en España : 1925-1970 = Modelling for the camera : photography of architectural models in Spain : 1925-1970</subfield>
   <subfield code="c">Iñaki Bergera (ed.)</subfield>
  </datafield>
  <datafield tag="246" ind1="3" ind2="1">
   <subfield code="a">Modelling for the camera</subfield>
   <subfield code="b">photography of architectural models in Spain : 1925-1970</subfield>
  </datafield>
  <datafield tag="264" ind1=" " ind2="1">
   <subfield code="a">Madrid</subfield>
   <subfield code="b">Ministerio de Fomento ; Fundacion ICO ; La Fábrica</subfield>
   <subfield code="c">[2016]</subfield>
  </datafield>
  <datafield tag="264" ind1=" " ind2="4">
   <subfield code="c">© 2016</subfield>
  </datafield>
  <datafield tag="300" ind1=" " ind2=" ">
   <subfield code="a">204 Seiten</subfield>
   <subfield code="c">26 cm</subfield>
  </datafield>
  <datafield tag="336" ind1=" " ind2=" ">
   <subfield code="a">unbewegtes Bild</subfield>
   <subfield code="b">sti</subfield>
   <subfield code="2">rdacontent</subfield>
  </datafield>
  <datafield tag="336" ind1=" " ind2=" ">
   <subfield code="a">Text</subfield>
   <subfield code="b">txt</subfield>
   <subfield code="2">rdacontent</subfield>
  </datafield>
  <datafield tag="337" ind1=" " ind2=" ">
   <subfield code="a">ohne Hilfsmittel zu benutzen</subfield>
   <subfield code="b">n</subfield>
   <subfield code="2">rdamedia</subfield>
  </datafield>
  <datafield tag="338" ind1=" " ind2=" ">
   <subfield code="a">Band</subfield>
   <subfield code="b">nc</subfield>
   <subfield code="2">rdacarrier</subfield>
  </datafield>
  <datafield tag="500" ind1=" " ind2=" ">
   <subfield code="a">&quot;La Arquería, Sala de exposiciones del Ministerio de Fomento, Madrid, julio - noviembre de 2016&quot;, Impressum</subfield>
  </datafield>
  <datafield tag="546" ind1=" " ind2=" ">
   <subfield code="a">Text spanisch und englisch</subfield>
  </datafield>
  <datafield tag="650" ind1=" " ind2="0">
   <subfield code="a">Architectural models</subfield>
   <subfield code="z">Spain</subfield>
   <subfield code="v">Pictorial works</subfield>
   <subfield code="v">Exhibitions</subfield>
  </datafield>
  <datafield tag="650" ind1=" " ind2="4">
   <subfield code="a">Architectural models</subfield>
  </datafield>
  <datafield tag="650" ind1=" " ind2="4">
   <subfield code="a">Photography</subfield>
  </datafield>
  <datafield tag="655" ind1=" " ind2="7">
   <subfield code="a">Ausstellungskatalog</subfield>
   <subfield code="x">Sala de exposiciones del Ministerio de Fomento</subfield>
   <subfield code="y">julio - noviembre de 2016</subfield>
   <subfield code="z">Madrid</subfield>
   <subfield code="0">(DE-588)4135467-9</subfield>
   <subfield code="0">(DE-627)10566491X</subfield>
   <subfield code="0">(DE-576)209660988</subfield>
   <subfield code="2">gnd-content</subfield>
  </datafield>
  <datafield tag="655" ind1=" " ind2="7">
   <subfield code="a">Bildband</subfield>
   <subfield code="0">(DE-588)4145395-5</subfield>
   <subfield code="0">(DE-627)104450835</subfield>
   <subfield code="0">(DE-576)209741139</subfield>
   <subfield code="2">gnd-content</subfield>
  </datafield>
  <datafield tag="655" ind1=" " ind2="7">
   <subfield code="a">Ausstellungskatalog</subfield>
   <subfield code="x">Sala de exposiciones del Ministerio de Fomento</subfield>
   <subfield code="y">2016</subfield>
   <subfield code="z">Madrid</subfield>
   <subfield code="0">(DE-588)4135467-9</subfield>
   <subfield code="0">(DE-627)10566491X</subfield>
   <subfield code="0">(DE-576)209660988</subfield>
   <subfield code="2">gnd-content</subfield>
  </datafield>
  <datafield tag="689" ind1="0" ind2="0">
   <subfield code="d">g</subfield>
   <subfield code="0">(DE-588)4055964-6</subfield>
   <subfield code="0">(DE-627)104616806</subfield>
   <subfield code="0">(DE-576)209116080</subfield>
   <subfield code="a">Spanien</subfield>
   <subfield code="2">gnd</subfield>
  </datafield>
  <datafield tag="689" ind1="0" ind2="1">
   <subfield code="d">s</subfield>
   <subfield code="0">(DE-588)4002855-0</subfield>
   <subfield code="0">(DE-627)106391801</subfield>
   <subfield code="0">(DE-576)208848983</subfield>
   <subfield code="a">Architekturfotografie</subfield>
   <subfield code="2">gnd</subfield>
  </datafield>
  <datafield tag="689" ind1="0" ind2="2">
   <subfield code="d">s</subfield>
   <subfield code="0">(DE-588)4621582-7</subfield>
   <subfield code="0">(DE-627)326447318</subfield>
   <subfield code="0">(DE-576)214357341</subfield>
   <subfield code="a">Architekturmodell</subfield>
   <subfield code="g">Motiv</subfield>
   <subfield code="2">gnd</subfield>
  </datafield>
  <datafield tag="689" ind1="0" ind2="3">
   <subfield code="a">z</subfield>
   <subfield code="2">gnd</subfield>
   <subfield code="a">Geschichte 1925-1970</subfield>
  </datafield>
  <datafield tag="689" ind1="0" ind2=" ">
   <subfield code="5">(DE-627)</subfield>
  </datafield>
  <datafield tag="700" ind1="1" ind2=" ">
   <subfield code="a">Bergera, Iñaki</subfield>
   <subfield code="d">1972-</subfield>
   <subfield code="e">HerausgeberIn</subfield>
   <subfield code="0">(DE-588)1042163316</subfield>
   <subfield code="0">(DE-627)768242460</subfield>
   <subfield code="0">(DE-576)393718859</subfield>
   <subfield code="4">edt</subfield>
  </datafield>
  <datafield tag="710" ind1="2" ind2=" ">
   <subfield code="a">Spanien</subfield>
   <subfield code="b">Ministerio de Fomento</subfield>
   <subfield code="e">Herausgebendes Organ</subfield>
   <subfield code="0">(DE-588)253372-8</subfield>
   <subfield code="0">(DE-627)100056091</subfield>
   <subfield code="0">(DE-576)190909013</subfield>
   <subfield code="4">isb</subfield>
  </datafield>
  <datafield tag="787" ind1="0" ind2="8">
   <subfield code="i">Rezensiert in</subfield>
   <subfield code="a">Pérez Moreno, Lucía C., 1979 - </subfield>
   <subfield code="t">[Rezension von: Iñaki Bergera, Cámara y modelo. Fotografía de maquetas de arquitectura en España, 1925-1970]</subfield>
   <subfield code="d">2018</subfield>
   <subfield code="w">(DE-627)1786145626</subfield>
  </datafield>
  <datafield tag="856" ind1="4" ind2="2">
   <subfield code="u">http://swbplus.bsz-bw.de/bsz475018753inh.htm</subfield>
   <subfield code="m">B:DE-576;DE-14</subfield>
   <subfield code="q">application/pdf</subfield>
   <subfield code="v">20161111140834</subfield>
   <subfield code="x">Verlag</subfield>
   <subfield code="3">Inhaltsverzeichnis</subfield>
  </datafield>
  <datafield tag="935" ind1=" " ind2=" ">
   <subfield code="i">Blocktest</subfield>
  </datafield>
  <datafield tag="936" ind1="r" ind2="v">
   <subfield code="a">AP 99037</subfield>
   <subfield code="b">Spanien, Spanisches Sprachgebiet</subfield>
   <subfield code="k">Allgemeines</subfield>
   <subfield code="k">Medien- und Kommunikationswissenschaften, Kommunikationsdesign</subfield>
   <subfield code="k">Fotografie</subfield>
   <subfield code="k">Fotografie in einzelnen Ländern</subfield>
   <subfield code="k">Europa</subfield>
   <subfield code="k">Südeuropa</subfield>
   <subfield code="k">Iberische Halbinsel</subfield>
   <subfield code="k">Spanien, Spanisches Sprachgebiet</subfield>
   <subfield code="0">(DE-627)1272682137</subfield>
   <subfield code="0">(DE-625)rvk/8250:696</subfield>
   <subfield code="0">(DE-576)202682137</subfield>
  </datafield>
  <datafield tag="936" ind1="r" ind2="v">
   <subfield code="a">ZH 3780</subfield>
   <subfield code="b">Architekturfotografie</subfield>
   <subfield code="k">Technik</subfield>
   <subfield code="k">Architektur</subfield>
   <subfield code="k">Architekturpraxis</subfield>
   <subfield code="k">Architekturfotografie</subfield>
   <subfield code="0">(DE-627)1270708120</subfield>
   <subfield code="0">(DE-625)rvk/156124:</subfield>
   <subfield code="0">(DE-576)200708120</subfield>
  </datafield>
  <datafield tag="936" ind1="r" ind2="v">
   <subfield code="a">LH 67325</subfield>
   <subfield code="b">Architekturfotografie</subfield>
   <subfield code="k">Kunstgeschichte</subfield>
   <subfield code="k">Allgemeines. Allgemeine Kunstgeschichte</subfield>
   <subfield code="k">Kunstgeschichte einzelner Gattungen der Kunst</subfield>
   <subfield code="k">Architektur</subfield>
   <subfield code="k">Architekturfotografie</subfield>
   <subfield code="0">(DE-627)1393805191</subfield>
   <subfield code="0">(DE-625)rvk/94601:</subfield>
   <subfield code="0">(DE-576)323805191</subfield>
  </datafield>
  <datafield tag="936" ind1="b" ind2="k">
   <subfield code="a">21.49</subfield>
   <subfield code="j">Photographie: Sonstiges</subfield>
   <subfield code="0">(DE-627)106405705</subfield>
  </datafield>
  <datafield tag="936" ind1="b" ind2="k">
   <subfield code="a">56.61</subfield>
   <subfield code="j">Architektonisches Zeichnen</subfield>
   <subfield code="0">(DE-627)106415301</subfield>
  </datafield>
  <datafield tag="951" ind1=" " ind2=" ">
   <subfield code="a">BO</subfield>
  </datafield>
  <datafield tag="990" ind1=" " ind2=" ">
   <subfield code="a">Spanien</subfield>
  </datafield>
  <datafield tag="990" ind1=" " ind2=" ">
   <subfield code="a">Architekturfotografie</subfield>
  </datafield>
  <datafield tag="990" ind1=" " ind2=" ">
   <subfield code="a">Architekturmodell</subfield>
  </datafield>
  <datafield tag="990" ind1=" " ind2=" ">
   <subfield code="a">Geschichte 1925-1970</subfield>
  </datafield>
  <datafield tag="991" ind1=" " ind2=" ">
   <subfield code="a">Rezensiertes Werk</subfield>
  </datafield>
  <datafield tag="999" ind1=" " ind2=" ">
   <subfield code="a">KXP-PPN864309694</subfield>
   <subfield code="e">4036764446</subfield>
  </datafield>
 </record>
</collection>
